000 00417nam a2200109Ia 4500
008 171211s9999 xx 000 0 und d
245 _aBusiness Ethics: a Manual for Managing a Responsible Business Enterprise in Emerging Market Economies
245 _cInternational Trade Administration and U.S. Department of Commerce
260 _c2004
650 _xBUSINESS
856 _uhttp://down.ebook777.com/062/0160514770.pdf
999 _c349484
_d349484